000 00738nam a2200229 i 4500
001 104039
003 ES-MaACL
005 20230906183510.0
007 t|
008 051122s1965 sp ||||1| spa d
100 1 _aMeynaud, Jean.
_980816
245 1 3 _aEl sindicalismo africano
_b: evolución y perspectivas /
_cJean Meynaud, Anisse Salah-Bey ; [traducción de Javier González Pueyo].
260 _aMadrid :
_bTecnos,
_c1965.
300 _a314 p. ;
_c22 cm.
490 1 _aTercer mundo
650 4 _aSindicalismo-
_zÁfrica.
_9168892
700 1 _aGonzález-Pueyo, Javier.
_958888
700 1 _aSalah-Bey, Anisse.
_9101701
830 0 _aTercer mundo
_9184834
852 _aES-MaACL
_jC-27958
_bR.57285
999 _c104039
_d104039